<?xml version="1.0" encoding="UTF-8"?>
<marc:record xmlns:marc="http://www.loc.gov/MARC21/slim">
   <marc:leader>00000nam a2200000 a 4500</marc:leader>
   <marc:datafield ind1="1" ind2=" " tag="100">
      <marc:subfield code="a">Täubner, Armin</marc:subfield>
      <marc:subfield code="4">ctb</marc:subfield>
      <marc:subfield code="e">Mitwirkende/-r</marc:subfield>
   </marc:datafield>
   <marc:datafield ind1=" " ind2=" " tag="653">
      <marc:subfield code="a">Softcover / Ratgeber/Hobby</marc:subfield>
   </marc:datafield>
   <marc:datafield ind1=" " ind2=" " tag="653">
      <marc:subfield code="a">Haus/Kreatives Gestalten</marc:subfield>
   </marc:datafield>
   <marc:datafield ind1="0" ind2="0" tag="245">
      <marc:subfield code="a">Engel der guten Wünsche aus Naturmaterial gebastelt</marc:subfield>
   </marc:datafield>
   <marc:datafield ind1="0" ind2="0" tag="245">
      <marc:subfield code="c">Armin Täubner</marc:subfield>
   </marc:datafield>
   <marc:datafield ind1=" " ind2="1" tag="264">
      <marc:subfield code="a">Stuttgart</marc:subfield>
      <marc:subfield code="b">Frechverl.</marc:subfield>
      <marc:subfield code="c">2015</marc:subfield>
   </marc:datafield>
   <marc:datafield ind1="1" ind2=" " tag="490">
      <marc:subfield code="a">Topp</marc:subfield>
   </marc:datafield>
   <marc:datafield ind1=" " ind2=" " tag="250">
      <marc:subfield code="a">1. Aufl.</marc:subfield>
   </marc:datafield>
   <marc:datafield ind1="1" ind2=" " tag="520">
      <marc:subfield code="a">Angaben aus der Verlagsmeldung

Engel der guten Wünsche : aus Naturmaterial / von Inge und Armin Täubner

Jeder Mensch braucht einen Engel, der ihn beschützt, tröstet, ihm hilft, Vertrauen, Geborgenheit, Ruhe oder Energie schenkt.
Die 20 gezeigten Engel der guten Wünsche sind ein liebevolles Geschenk mit einer ganz persönlichen Botschaft.
Die Engelkörper werden aus den verschiedensten Naturmaterialien gefertigt: Äste, Zapfen, Steine, Korken, Span, Federn.
Die Engel bekommen meist Köpfe aus Holzkugeln, Flügel aus Prägefolie, Bastelkarton oder Federn und dekorativen Haar- oder Halsschmuck aus Perlen und Draht. Die selbstgestalteten Botschafter können nun einen lieben Menschen erfreuen oder uns selbst im Alltag begleiten.
Mit vielen Extras zum Herausnehmen.
</marc:subfield>
   </marc:datafield>
   <marc:datafield ind1=" " ind2=" " tag="020">
      <marc:subfield code="a">9783772441813</marc:subfield>
      <marc:subfield code="9">9783772441813</marc:subfield>
   </marc:datafield>
   <marc:datafield ind1=" " ind2=" " tag="020">
      <marc:subfield code="a">3772441815</marc:subfield>
      <marc:subfield code="9">3772441815</marc:subfield>
   </marc:datafield>
   <marc:datafield ind1=" " ind2=" " tag="041">
      <marc:subfield code="a">ger</marc:subfield>
   </marc:datafield>
   <marc:datafield ind1=" " ind2=" " tag="300">
      <marc:subfield code="a">47 S.</marc:subfield>
   </marc:datafield>
</marc:record>
